Loading...

Maharoudram

Bibliographic Details
Main Author: Saimon brito
Published: Current books
LEADER 00181 a2200097 4500
020
260 |b Current books 
942 |c BK  |6 _ 
245 |a Maharoudram  
100 |a Saimon brito  
999 |c 63803  |d 63803